[Event "MrDodgy Inv 3 GpB"]
[Site "chess24.com INT"]
[Date "2022.11.26"]
[Round "6.7"]
[White "Sevian, Samuel"]
[Black "Salem, A.R. Saleh"]
[Result "1-0"]
[WhiteTitle "GM"]
[BlackTitle "GM"]
[WhiteElo "2687"]
[BlackElo "2677"]
[WhiteFideId "2040506"]
[BlackFideId "9301348"]
[EventDate "2022.11.26"]

1. c4 g6 2. Nc3 Bg7 3. d4 Nf6 4. e4 O-O 5. Nf3 d6 6. h3 e5 7. d5 a5 8. Bg5 Na6
9. Nd2 Qe8 10. g4 Nd7 11. Be2 Ndc5 12. Rg1 Kh8 13. a3 a4 14. Qc2 f5 15. gxf5
gxf5 16. Be3 fxe4 17. Ndxe4 Bf5 18. Bxc5 Nxc5 19. O-O-O Bh6+ 20. Kb1 Qf7 21. Bd3
Nxd3 22. Rxd3 Rg8 23. Rxg8+ Rxg8 24. Qxa4 Qg6 25. f3 Bxh3 26. Ka2 Bf4 27. c5 Bf5
28. cxd6 cxd6 29. Qb4 h5 30. Rd1 h4 31. Nxd6 Bd7 32. Nde4 b6 33. Qe7 Qh7 34.
Qxh7+ Kxh7 35. Nf6+ Kg7 36. Nxd7 h3 37. Rh1 1-0

[Event "MrDodgy Inv 3 GpB"]
[Site "chess24.com INT"]
[Date "2022.11.26"]
[Round "7.2"]
[White "Salem, A.R. Saleh"]
[Black "Svidler, Peter"]
[Result "1-0"]
[WhiteTitle "GM"]
[BlackTitle "GM"]
[WhiteElo "2677"]
[BlackElo "2683"]
[WhiteFideId "9301348"]
[BlackFideId "4102142"]
[EventDate "2022.11.26"]

1. e4 c5 2. Nf3 e6 3. d4 cxd4 4. Nxd4 a6 5. c4 Nf6 6. Nc3 Bb4 7. Nc2 Bxc3+ 8.
bxc3 Qa5 9. Qd4 Nc6 10. Qe3 O-O 11. Ba3 Re8 12. Bd6 b5 13. c5 b4 14. Be2 bxc3
15. O-O Qa4 16. Bd3 a5 17. f3 Nb4 18. Rfc1 Ba6 19. Bxa6 Nxa6 20. Qxc3 Rec8 21.
Nd4 Ne8 22. Be7 h6 23. Qc4 Qxc4 24. Rxc4 f6 25. Nb5 Rab8 26. a4 Nb4 27. Rd1 Rb7
28. Bd6 Nc6 29. Kf2 Na7 30. Nxa7 Rxa7 31. c6 dxc6 32. Bf4 Rb7 33. Rdc1 Rb4 34.
Bd2 Rxc4 35. Rxc4 Nd6 36. Rc2 Nb7 37. Be3 c5 38. Rb2 Nd6 39. Bc1 Nc4 40. Rb5 Kf7
41. Ke2 e5 42. Kd3 Nd6 43. Rxa5 Ke6 44. Ra6 Kd7 45. Be3 Rb8 46. Bxc5 1-0

[Event "MrDodgy Inv 3 GpB"]
[Site "chess24.com INT"]
[Date "2022.11.26"]
[Round "7.3"]
[White "Cori, Jorge"]
[Black "Sevian, Samuel"]
[Result "1-0"]
[WhiteTitle "GM"]
[BlackTitle "GM"]
[WhiteElo "2651"]
[BlackElo "2687"]
[WhiteFideId "3802272"]
[BlackFideId "2040506"]
[EventDate "2022.11.26"]

1. e4 c6 2. d4 d5 3. Nc3 dxe4 4. Nxe4 Bf5 5. Ng3 Bg6 6. Nf3 Nd7 7. Bd3 e6 8. O-O
Ngf6 9. Re1 Be7 10. c3 O-O 11. Bxg6 hxg6 12. Qe2 c5 13. Be3 cxd4 14. Bxd4 Qa5
15. a4 Rfd8 16. Ne4 Nxe4 17. Qxe4 Qc7 18. a5 Nf6 19. Qe2 Bc5 20. a6 bxa6 21.
Rxa6 Nd5 22. Qe5 Bxd4 23. Qxd4 Nf4 24. Qe3 Nd3 25. Rb1 Qb7 26. Ra2 Rd7 27. h4
Qb3 28. Rba1 Qb7 29. b4 Qc6 30. Rxa7 Rdxa7 31. Rxa7 Rd8 32. Ra3 Qc4 33. Qb6 Rc8
34. Qb7 Nf4 35. Ra8 Ne2+ 36. Kh1 Rf8 37. Qb8 1-0

[Event "MrDodgy Inv 3 GpB"]
[Site "chess24.com INT"]
[Date "2022.11.26"]
[Round "7.4"]
[White "Shevchenko, Kirill"]
[Black "Eljanov, Pavel"]
[Result "1-0"]
[WhiteTitle "GM"]
[BlackTitle "GM"]
[WhiteElo "2649"]
[BlackElo "2706"]
[WhiteFideId "14129574"]
[BlackFideId "14102951"]
[EventDate "2022.11.26"]

1. c4 c6 2. d4 d5 3. Nc3 Nf6 4. cxd5 cxd5 5. Bg5 Nc6 6. Bxf6 gxf6 7. e3 e6 8.
Bd3 f5 9. f4 Qh4+ 10. g3 Qf6 11. Nf3 Bd6 12. Qe2 Bd7 13. Nb5 Bb8 14. O-O-O a6
15. Nc3 b5 16. h3 h5 17. g4 hxg4 18. hxg4 fxg4 19. Ne5 Bxe5 20. dxe5 Qg7 21.
Rhg1 Rg8 22. Kb1 Ne7 23. Rc1 Rc8 24. Qd2 b4 25. Ne2 Rxc1+ 26. Rxc1 Bb5 27. Bxb5+
axb5 28. Qxb4 Qg6+ 29. Ka1 Rh8 30. Rc7 Rh1+ 31. Nc1 Kf8 32. Qxe7+ Kg7 33. Rc8
Kh7 34. Qe8 Qg7 35. f5 exf5 36. e6 fxe6 37. Qxe6 Qg6 38. Rc7+ Kh6 39. Qe5 1-0

[Event "MrDodgy Inv 3 GpB"]
[Site "chess24.com INT"]
[Date "2022.11.26"]
[Round "7.5"]
[White "Iturrizaga Bonelli, Eduardo"]
[Black "Royal, Shreyas"]
[Result "1-0"]
[WhiteTitle "GM"]
[BlackTitle "FM"]
[WhiteElo "2636"]
[BlackElo "2435"]
[WhiteFideId "3901211"]
[BlackFideId "448869"]
[EventDate "2022.11.26"]

1. c4 Nf6 2. g3 e6 3. Bg2 d5 4. Nf3 dxc4 5. Qa4+ c6 6. Qxc4 b5 7. Qc2 Bb7 8. O-O
Nbd7 9. d4 a6 10. Rd1 Be7 11. Nc3 O-O 12. Ne5 Rc8 13. Bf4 Qb6 14. Rac1 c5 15.
Nxd7 Nxd7 16. d5 exd5 17. Nxd5 Bxd5 18. Bxd5 Nf6 19. Bf3 c4 20. Kg2 Bc5 21. e4
h5 22. h3 g6 23. e5 Nh7 24. Bd5 Rfe8 25. b3 Nf8 26. bxc4 bxc4 27. Qxc4 Ne6 28.
Qe2 Qb4 29. Rc4 Qb8 30. Rdc1 Ba3 31. Bxe6 fxe6 32. Rxc8 Rxc8 33. Rxc8+ Qxc8 34.
Qd3 Qc6+ 35. Kg1 Kf7 36. Qxa3 1-0

[Event "MrDodgy Inv 3 GpB"]
[Site "chess24.com INT"]
[Date "2022.11.26"]
[Round "7.6"]
[White "Fressinet, Laurent"]
[Black "Tang, Andrew"]
[Result "1/2-1/2"]
[WhiteTitle "GM"]
[BlackTitle "GM"]
[WhiteElo "2622"]
[BlackElo "2539"]
[WhiteFideId "608742"]
[BlackFideId "2059630"]
[EventDate "2022.11.26"]

1. d4 d5 2. Nf3 Nf6 3. g3 e6 4. Bg2 Be7 5. O-O O-O 6. Ne5 b5 7. b3 Bb7 8. c4
bxc4 9. bxc4 Nbd7 10. Nc3 c6 11. Rb1 Qc8 12. Bf4 Nxe5 13. dxe5 Nd7 14. Rc1 dxc4
15. Ne4 Nb6 16. Qc2 h6 17. Rfd1 Rd8 18. Nd6 Bxd6 19. exd6 c5 20. e4 Qc6 21. h4
Rd7 22. Bf3 Rad8 23. Rd2 Nc8 24. Qxc4 Nxd6 25. Rxd6 Rxd6 26. Bxd6 Qxd6 27. Rd1
Qb6 28. Rxd8+ Qxd8 29. Qxc5 Qb6 30. Qxb6 axb6 31. Bg2 e5 32. Kf1 Kf8 33. Ke2 Ke7
34. Kd3 Kd6 35. Kc3 Kc5 36. f3 Bc8 37. Bf1 Be6 38. a3 f5 39. exf5 Bxf5 40. Be2
Bd7 41. Bd3 Bc6 42. Be2 e4 43. fxe4 Bxe4 44. Bd1 Bd5 45. Be2 Bc6 46. Bf1 Bd5 47.
Be2 Bc6 48. Bf1 Bd5 49. Be2 1/2-1/2

[Event "MrDodgy Inv 3 GpB"]
[Site "chess24.com INT"]
[Date "2022.11.26"]
[Round "7.7"]
[White "Grachev, Boris"]
[Black "Muradli, Mahammad"]
[Result "0-1"]
[WhiteTitle "GM"]
[BlackTitle "GM"]
[WhiteElo "2593"]
[BlackElo "2540"]
[WhiteFideId "4129199"]
[BlackFideId "13409301"]
[EventDate "2022.11.26"]

1. d4 Nf6 2. Nf3 g6 3. Bf4 Bg7 4. e3 O-O 5. Be2 d6 6. h3 c5 7. c3 Nc6 8. dxc5
dxc5 9. Nbd2 b6 10. O-O Bb7 11. Qc2 Qc8 12. Rfd1 Rd8 13. a4 Na5 14. Ne5 Nd5 15.
Bg3 Nc6 16. Ndc4 Nxe5 17. Nxe5 Qe6 18. Nf3 h6 19. Rd2 Nf6 20. Rxd8+ Rxd8 21. Rd1
Rxd1+ 22. Qxd1 Bd5 23. Bb8 a5 24. Bc7 Kh7 25. Bb5 Bb3 26. Qd8 Nd5 27. Bg3 Ba2
28. Kh2 Qe4 29. Bc6 Bf6 30. Qf8 Qe6 31. Be8 Nxc3 32. bxc3 Bg7 33. Bxf7 Qxf7 34.
Qxf7 Bxf7 35. Bc7 Bxc3 36. Bxb6 Bb4 37. Ne5 Be8 38. Nc4 Bxa4 39. Bxa5 Bb5 40.
Bxb4 cxb4 41. Nb2 Kg7 42. f4 Kf6 43. Kg3 Ke6 44. e4 Kd6 45. Kf3 Kc5 46. Ke3 Bf1
47. g3 Bxh3 48. Kd3 Bf1+ 49. Ke3 Bb5 50. g4 h5 51. f5 h4 52. fxg6 Be8 53. g7 Bf7
54. Nd3+ Kb5 55. g5 h3 56. Kf3 b3 57. Kg3 Be6 58. Nf4 Bg8 59. Nd3 Kc4 60. Nb2+
Kc3 61. Na4+ Kc2 62. Kxh3 b2 63. Nxb2 Kxb2 64. Kg4 Kc3 65. Kf5 Kd4 66. Kg6 Kxe4
67. Kh6 Ke5 68. g6 Kf6 0-1

[Event "MrDodgy Inv 3 GpB"]
[Site "chess24.com INT"]
[Date "2022.11.26"]
[Round "7.8"]
[White "Paravyan, David"]
[Black "Lagarde, Maxime"]
[Result "1/2-1/2"]
[WhiteTitle "GM"]
[BlackTitle "GM"]
[WhiteElo "2586"]
[BlackElo "2573"]
[WhiteFideId "4194985"]
[BlackFideId "662399"]
[EventDate "2022.11.26"]

1. e4 e5 2. Nf3 Nc6 3. Nc3 Nf6 4. d4 exd4 5. Nxd4 Bc5 6. Nxc6 bxc6 7. Bd3 d6 8.
O-O O-O 9. Bg5 h6 10. Bh4 Re8 11. Na4 Bd4 12. c3 Bb6 13. Qc2 g5 14. Bg3 Nh5 15.
Nxb6 axb6 16. a4 Nf4 17. Rfe1 Qf6 18. Bf1 h5 19. Qd2 Ng6 20. h3 h4 21. Bh2 g4
22. hxg4 Bxg4 23. Qh6 Ra5 24. e5 dxe5 25. b4 Rd5 26. Bc4 Rd6 27. a5 b5 28. Bf1
h3 29. Re3 Rd2 30. Bg3 Red8 31. gxh3 Be6 32. a6 Qf5 33. a7 Ra8 34. Bg2 Bd5 35.
Rxe5 Nxe5 36. Qxd2 Bxg2 37. Bxe5 Bf3 38. Qf4 Qxh3 39. Qg3+ Qxg3+ 40. fxg3 c5 41.
bxc5 Rc8 42. Kf2 Ba8 43. Ra5 Bc6 44. Ra6 Ba8 45. Ra5 Bc6 46. Ke3 Kf8 47. Bxc7
Rxc7 48. a8=Q+ Bxa8 49. Rxa8+ Ke7 50. Kd4 Rd7+ 51. Ke4 Rc7 52. Kd5 Rd7+ 53. Kc6
Rd3 54. Ra3 Rxg3 55. Kxb5 Kd7 56. Kb6 Rg6+ 57. Kb7 Rc6 58. Ra5 f5 59. c4 f4 60.
Rb5 Rc7+ 61. Kb6 Rc6+ 62. Kb7 f3 63. Rb3 Rxc5 64. Rxf3 Rxc4 65. Rd3+ Ke6 66. Rb3
Ke5 67. Rb6 1/2-1/2

[Event "MrDodgy Inv 3 GpB"]
[Site "chess24.com INT"]
[Date "2022.11.26"]
[Round "8.1"]
[White "Trent, Lawrence"]
[Black "Lagarde, Maxime"]
[Result "0-1"]
[WhiteTitle "IM"]
[BlackTitle "GM"]
[WhiteElo "2402"]
[BlackElo "2573"]
[WhiteFideId "408638"]
[BlackFideId "662399"]
[EventDate "2022.11.26"]

1. d4 f5 2. Nc3 Nf6 3. Bf4 d6 4. h3 h6 5. Bh2 g5 6. e3 Bg7 7. Bd3 e6 8. Qe2 Qe7
9. O-O-O Nc6 10. Bb5 Bd7 11. Nf3 a6 12. Ba4 b5 13. Bb3 Na5 14. e4 b4 15. e5 bxc3
16. exf6 cxb2+ 17. Kxb2 Bxf6 18. Rhe1 Nxb3 19. axb3 O-O 20. Qc4 f4 21. Qd3 Bg7
22. g4 fxg3 23. Bxg3 Qf7 24. Nd2 a5 25. Ra1 a4 26. h4 axb3 27. Nxb3 Qf5 28. Qxf5
exf5 29. Rxa8 Rxa8 30. Re7 Rd8 31. hxg5 hxg5 32. c3 f4 33. Bh2 Bf6 34. Re1 Kf7
35. Nd2 Rh8 36. Bg1 g4 37. Ne4 f3 38. Nxf6 Kxf6 39. Kc2 Bb5 40. Kd2 Kf5 41. Ra1
d5 42. Re1 c6 43. Ra1 Ke4 44. Re1+ Be2 45. Ra1 Rh1 46. Rc1 g3 47. fxg3 Rxg1 48.
Rxg1 f2 49. Rg2 f1=Q 50. Rxe2+ Kf3 51. Re3+ Kg4 52. Rd3 Qf2+ 53. Kc1 Kf5 54. Rd2
Qxg3 55. Kc2 Qf3 56. Rd3 Qe2+ 57. Rd2 Qa6 58. Kb2 Ke4 59. Kc2 Ke3 60. Rh2 Qa2+ 0-1

[Event "MrDodgy Inv 3 GpB"]
[Site "chess24.com INT"]
[Date "2022.11.26"]
[Round "8.2"]
[White "Muradli, Mahammad"]
[Black "Paravyan, David"]
[Result "1-0"]
[WhiteTitle "GM"]
[BlackTitle "GM"]
[WhiteElo "2540"]
[BlackElo "2586"]
[WhiteFideId "13409301"]
[BlackFideId "4194985"]
[EventDate "2022.11.26"]

1. c4 Nf6 2. Nc3 d5 3. cxd5 Nxd5 4. Nf3 g6 5. e4 Nxc3 6. dxc3 Qxd1+ 7. Kxd1 f6
8. h4 Bg4 9. Be2 h5 10. Kc2 e5 11. a4 a5 12. Be3 Bh6 13. Bxh6 Rxh6 14. Rhe1 Bxf3
15. Bxf3 Ke7 16. Rad1 Nd7 17. Rd2 Nc5 18. Red1 Rhh8 19. b4 axb4 20. cxb4 Ne6 21.
a5 Nd4+ 22. Kc3 b6 23. Ra1 c5 24. a6 Rhc8 25. Rda2 cxb4+ 26. Kxb4 Rc5 27. Be2
Nc2+ 28. Rxc2 Rxc2 29. Bc4 Kd6 30. a7 Rxc4+ 31. Kxc4 Kc6 32. Ra6 g5 33. g3 g4
34. Kb4 Kb7 35. Kb5 Rxa7 36. Rxb6+ Kc7 37. Rxf6 Ra2 38. Kc4 Rd2 39. Rf5 Kd6 40.
Rxh5 Rxf2 41. Rg5 Rc2+ 42. Kd3 Ra2 43. Rxg4 Kc5 44. h5 Ra3+ 45. Ke2 Kd4 46. h6
Ra2+ 47. Kf3 Kd3 48. h7 Kd2 49. h8=Q Ke1 50. Qh1+ 1-0

[Event "MrDodgy Inv 3 GpB"]
[Site "chess24.com INT"]
[Date "2022.11.26"]
[Round "8.3"]
[White "Tang, Andrew"]
[Black "Grachev, Boris"]
[Result "1-0"]
[WhiteTitle "GM"]
[BlackTitle "GM"]
[WhiteElo "2539"]
[BlackElo "2593"]
[WhiteFideId "2059630"]
[BlackFideId "4129199"]
[EventDate "2022.11.26"]

1. d4 d5 2. Nf3 Nf6 3. Bf4 e6 4. e3 Bd6 5. Nbd2 O-O 6. c3 c5 7. Bd3 Bxf4 8. exf4
b6 9. Qe2 a5 10. O-O Ba6 11. Rfe1 Bxd3 12. Qxd3 Nc6 13. f5 exf5 14. Qxf5 cxd4
15. cxd4 Rc8 16. Rac1 Qd7 17. Qd3 Nb4 18. Qb1 Ne4 19. Nxe4 dxe4 20. Rxc8 Rxc8
21. Rxe4 Qd5 22. a3 Nc2 23. Re5 Qb3 24. h4 h6 25. Qc1 Qc4 26. Qf4 Rd8 27. Re7
Nxd4 28. Nxd4 Rxd4 29. Re8+ Kh7 30. Qf5+ g6 31. Qf6 Qc1+ 32. Kh2 Qf4+ 33. Qxf4
Rxf4 34. Kg3 Rf5 35. b4 h5 36. f3 Kg7 37. Re4 Rd5 38. Kf4 Kf6 39. g3 a4 40. b5
Rf5+ 41. Ke3 Rxb5 42. Rxa4 Rb3+ 43. Ke4 b5 44. Ra6+ Ke7 45. Kf4 Kf8 46. Ra8+ Kg7
47. Ra7 Kf6 48. Ra6+ Kg7 49. Ra5 Kf6 50. Ra6+ Kg7 51. Ke4 b4 52. Rb6 Rxa3 53.
Rxb4 Ra6 54. Kf4 Rf6+ 55. Ke3 Re6+ 56. Kf2 Rf6 57. Kg2 Re6 58. Rb3 Rf6 59. Re3
Rd6 60. Re2 Kf6 61. Re4 Re6 62. Rf4+ Ke7 63. Kf2 Rf6 64. Ra4 Re6 65. Ra7+ Kf6
66. Ra5 Re7 67. g4 Re6 68. gxh5 gxh5 69. Rxh5 Ra6 70. Rh6+ Kf5 71. Rxa6 Kf4 72.
h5 f5 73. h6 Ke5 74. h7 Kf4 75. h8=Q Kg5 76. Qh6# 1-0

[Event "MrDodgy Inv 3 GpB"]
[Site "chess24.com INT"]
[Date "2022.11.26"]
[Round "8.4"]
[White "Royal, Shreyas"]
[Black "Fressinet, Laurent"]
[Result "1/2-1/2"]
[WhiteTitle "FM"]
[BlackTitle "GM"]
[WhiteElo "2435"]
[BlackElo "2622"]
[WhiteFideId "448869"]
[BlackFideId "608742"]
[EventDate "2022.11.26"]

1. d4 Nf6 2. c4 e6 3. Nf3 d5 4. g3 Bb4+ 5. Bd2 Be7 6. Bg2 O-O 7. O-O Nbd7 8. Qc2
a5 9. Bf4 c6 10. Rd1 b6 11. Ne5 Bb7 12. cxd5 cxd5 13. Nc6 Bxc6 14. Qxc6 Rc8 15.
Qb5 Ne8 16. Qd3 Nd6 17. Nc3 Nc4 18. Rab1 Bg5 19. Bxg5 Qxg5 20. e4 dxe4 21. Bxe4
Nf6 22. Bb7 Rc7 23. Bf3 Rfc8 24. h4 Qf5 25. Qxf5 exf5 26. Nb5 Rd7 27. Rbc1 Kf8
28. Rd3 Nd6 29. Rxc8+ Nxc8 30. d5 Nd6 31. Nd4 g6 32. Nc6 Nde4 33. b4 a4 34. Bd1
b5 35. f3 Nxg3 36. Kf2 Ngh5 37. Rd4 Rxd5 38. Be2 Rxd4 39. Nxd4 Nd5 40. a3 Nhf4
41. Bxb5 Nc3 42. Bc6 Ke7 43. Ke3 Nfd5+ 44. Kd3 Kd6 45. Kc4 h6 46. Be8 Nb1 47.
Bxf7 Nxa3+ 48. Kd3 Nxb4+ 49. Kc3 Nd5+ 50. Kd3 Ne7 51. Be8 Kc5 52. Bxa4 Nc4 53.
Ne6+ Kb4 54. Be8 Nd6 55. Bd7 Nf7 56. Kd4 g5 57. hxg5 Nxg5 58. Nxg5 hxg5 59. Ke5
g4 60. fxg4 fxg4 61. Bxg4 Nc6+ 62. Kd5 Ne5 63. Kxe5 1/2-1/2

[Event "MrDodgy Inv 3 GpB"]
[Site "chess24.com INT"]
[Date "2022.11.26"]
[Round "8.5"]
[White "Eljanov, Pavel"]
[Black "Iturrizaga Bonelli, Eduardo"]
[Result "1-0"]
[WhiteTitle "GM"]
[BlackTitle "GM"]
[WhiteElo "2706"]
[BlackElo "2636"]
[WhiteFideId "14102951"]
[BlackFideId "3901211"]
[EventDate "2022.11.26"]

1. d4 Nf6 2. c4 e6 3. Nc3 Bb4 4. a3 Bxc3+ 5. bxc3 c5 6. f3 Nc6 7. e4 O-O 8. d5
Na5 9. Bg5 d6 10. Bd3 b6 11. Qe2 Re8 12. Bh4 h6 13. Kf1 g5 14. Bg3 exd5 15. cxd5
Nxd5 16. Qf2 Nf4 17. Bxf4 gxf4 18. Ne2 Qf6 19. g3 Bh3+ 20. Kg1 Kh8 21. Nxf4 Qxc3
22. Rd1 Bd7 23. Kg2 Qe5 24. Bb1 Be6 25. Ba2 Nc6 26. Bxe6 Rxe6 27. Rd5 Qf6 28.
Nxe6 Qxe6 29. Rhd1 Nd4 30. R1xd4 cxd4 31. Qxd4+ Kh7 32. Rxd6 Qa2+ 33. Kh3 Rg8
34. Rd7 Qe6+ 35. Kg2 Qa2+ 36. Qd2 Qxd2+ 37. Rxd2 Kg7 38. Rd7 a5 39. Rb7 Rc8 40.
Rxb6 Rc2+ 41. Kh3 Rc3 42. Kg4 h5+ 43. Kf4 Rxa3 44. Ra6 Ra2 45. h4 Ra3 46. e5
Ra4+ 47. Kf5 Ra3 48. f4 Rxg3 49. Rxa5 Rg4 50. Ra7 Kg8 51. Ra4 Rxh4 52. Kf6 Rg4
53. Ra8+ Kh7 54. f5 Rf4 55. Ra3 h4 56. Rh3 Kh6 57. Rh1 Kh5 58. Rg1 1-0

[Event "MrDodgy Inv 3 GpB"]
[Site "chess24.com INT"]
[Date "2022.11.26"]
[Round "8.6"]
[White "Sevian, Samuel"]
[Black "Shevchenko, Kirill"]
[Result "0-1"]
[WhiteTitle "GM"]
[BlackTitle "GM"]
[WhiteElo "2687"]
[BlackElo "2649"]
[WhiteFideId "2040506"]
[BlackFideId "14129574"]
[EventDate "2022.11.26"]

1. e4 e6 2. Qe2 c5 3. Nf3 Nc6 4. g3 g6 5. Bg2 Bg7 6. O-O e5 7. a3 d6 8. b4 Nf6
9. c3 a6 10. d3 O-O 11. Nbd2 b5 12. Nb3 Qe7 13. Rb1 Be6 14. Nbd2 Rfb8 15. h3 h6
16. Bb2 a5 17. bxc5 dxc5 18. Rfc1 Qd7 19. Kh2 Rd8 20. Bf1 Rab8 21. c4 b4 22. a4
Qd6 23. Nb3 Nd7 24. Qe3 Nd4 25. Bxd4 cxd4 26. Qe1 Qc7 27. Nfd2 h5 28. h4 Bh6 29.
Rc2 Bxd2 30. Qxd2 Nc5 31. Nxc5 Qxc5 32. Qg5 Bd7 33. Ra1 Kg7 34. Be2 f6 35. Qd2
Bc6 36. Rb2 Rf8 37. Bf3 Qe7 38. Bh1 Qd7 39. Qe1 Rbe8 40. Re2 Qg4 41. Bg2 Qd7 42.
Bh3 Qd6 43. Qd2 f5 44. exf5 gxf5 45. Rae1 Qf6 46. Bg2 e4 47. Qf4 exd3 48. Rxe8
Rxe8 49. Qc7+ Qf7 50. Qxc6 Rxe1 51. Bd5 Qe7 52. Qb6 Re4 53. Bxe4 Qxe4 54. Qc7+
Kf6 55. Qd6+ Kf7 56. Qd7+ Qe7 57. Qxf5+ Qf6 58. Qxh5+ Ke7 59. Qh7+ Kd6 60. Qxd3
Qxf2+ 61. Kh3 Qe3 62. Qg6+ Qe6+ 63. Qxe6+ Kxe6 64. h5 b3 65. h6 b2 66. h7 b1=Q 0-1

[Event "MrDodgy Inv 3 GpB"]
[Site "chess24.com INT"]
[Date "2022.11.26"]
[Round "8.7"]
[White "Svidler, Peter"]
[Black "Cori, Jorge"]
[Result "0-1"]
[WhiteTitle "GM"]
[BlackTitle "GM"]
[WhiteElo "2683"]
[BlackElo "2651"]
[WhiteFideId "4102142"]
[BlackFideId "3802272"]
[EventDate "2022.11.26"]

1. c4 e5 2. g3 Nc6 3. Bg2 g6 4. Nc3 Bg7 5. Rb1 a5 6. a3 Nf6 7. b4 axb4 8. axb4
O-O 9. b5 Na5 10. d3 d6 11. Qc2 Bf5 12. Nf3 Qd7 13. O-O Bh3 14. e4 Bxg2 15. Kxg2
b6 16. Be3 Nb7 17. Ra1 Ng4 18. Bd2 f5 19. Nd5 Nc5 20. Bb4 Ne6 21. Qe2 fxe4 22.
dxe4 Qf7 23. Rxa8 Rxa8 24. Ng5 Nxg5 25. Qxg4 Ne6 26. Bc3 Ra2 27. Nb4 Ra3 28. Nd5
Ra2 29. Nb4 h5 30. Qd1 Ra3 31. Bb2 Ra8 32. Qb3 h4 33. Ra1 Rf8 34. Rf1 Ng5 35.
Qe3 h3+ 36. Kh1 Qxc4 0-1

[Event "MrDodgy Inv 3 GpB"]
[Site "chess24.com INT"]
[Date "2022.11.26"]
[Round "9.1"]
[White "Salem, A.R. Saleh"]
[Black "Trent, Lawrence"]
[Result "1-0"]
[WhiteTitle "GM"]
[BlackTitle "IM"]
[WhiteElo "2677"]
[BlackElo "2402"]
[WhiteFideId "9301348"]
[BlackFideId "408638"]
[EventDate "2022.11.26"]

1. d4 Nf6 2. c4 e6 3. Nc3 d5 4. cxd5 exd5 5. Bg5 Bb4 6. e3 h6 7. Bh4 g5 8. Bg3
Ne4 9. a3 Nxc3 10. Qb3 Ba5 11. bxc3 c5 12. Bb5+ Nc6 13. Ne2 c4 14. Qb1 Be6 15.
Ba4 Qb6 16. O-O Qxb1 17. Raxb1 O-O-O 18. Bxc6 bxc6 19. Rb8+ Kd7 20. Rb7+ Ke8 21.
Rxa7 Bb6 22. Ra6 1-0

[Event "MrDodgy Inv 3 GpB"]
[Site "chess24.com INT"]
[Date "2022.11.26"]
[Round "9.3"]
[White "Shevchenko, Kirill"]
[Black "Svidler, Peter"]
[Result "1-0"]
[WhiteTitle "GM"]
[BlackTitle "GM"]
[WhiteElo "2649"]
[BlackElo "2683"]
[WhiteFideId "14129574"]
[BlackFideId "4102142"]
[EventDate "2022.11.26"]

1. c4 g6 2. Nc3 c5 3. Nf3 Bg7 4. e3 Nf6 5. Qb3 O-O 6. d4 cxd4 7. exd4 b6 8. Be2
Bb7 9. O-O d5 10. c5 Nc6 11. Be3 e6 12. Rfd1 Na5 13. Qb4 Qe7 14. Bf4 Nc6 15. Qa3
bxc5 16. dxc5 d4 17. Bd6 1-0

[Event "MrDodgy Inv 3 GpB"]
[Site "chess24.com INT"]
[Date "2022.11.26"]
[Round "9.4"]
[White "Iturrizaga Bonelli, Eduardo"]
[Black "Sevian, Samuel"]
[Result "0-1"]
[WhiteTitle "GM"]
[BlackTitle "GM"]
[WhiteElo "2636"]
[BlackElo "2687"]
[WhiteFideId "3901211"]
[BlackFideId "2040506"]
[EventDate "2022.11.26"]

1. c4 e5 2. g3 Nf6 3. Bg2 d5 4. cxd5 Nxd5 5. Nf3 Nc6 6. O-O Nb6 7. b3 e4 8. Ne1
h5 9. Nc3 h4 10. Nxe4 hxg3 11. hxg3 Bf5 12. Bb2 Qd7 13. Rc1 Bxe4 14. f3 Bf5 15.
d4 Bh3 16. e4 f6 17. d5 Ne5 18. f4 Ng4 19. Bd4 c5 20. Bf2 Nh2 21. Kxh2 Bg4+ 22.
Kg1 Bxd1 23. Rxd1 Qg4 24. Nd3 c4 25. bxc4 Nxc4 26. Rfe1 Ba3 27. e5 fxe5 28. d6
Bxd6 29. Bxb7 Rb8 30. Bd5 Nb2 31. Bc6+ Ke7 32. Nxe5 Qxd1 33. Rxd1 Nxd1 0-1

[Event "MrDodgy Inv 3 GpB"]
[Site "chess24.com INT"]
[Date "2022.11.26"]
[Round "9.5"]
[White "Fressinet, Laurent"]
[Black "Eljanov, Pavel"]
[Result "1/2-1/2"]
[WhiteTitle "GM"]
[BlackTitle "GM"]
[WhiteElo "2622"]
[BlackElo "2706"]
[WhiteFideId "608742"]
[BlackFideId "14102951"]
[EventDate "2022.11.26"]

1. d4 d5 2. Nf3 Nf6 3. g3 Bf5 4. Bg2 e6 5. c4 c6 6. Qb3 Qb6 7. Nc3 Nbd7 8. c5
Qxb3 9. axb3 a6 10. b4 Rc8 11. h3 Be7 12. g4 Bg6 13. Bf4 O-O 14. Bg3 Ne4 15.
Nxe4 Bxe4 16. O-O Bf6 17. e3 Rfe8 18. Nd2 Bxg2 19. Kxg2 e5 20. Nb3 Bd8 21. Rfe1
Bc7 22. e4 dxe4 23. Rxe4 Nf6 24. Re2 e4 25. Rae1 Bxg3 26. Kxg3 h6 27. Nd2 Nd5
28. Nxe4 Kf8 29. Nd6 Rxe2 30. Rxe2 Rb8 31. h4 Nxb4 32. g5 hxg5 33. hxg5 Nd5 34.
f4 g6 35. f5 gxf5 36. Nxf5 b6 37. Rh2 Kg8 38. Rh6 bxc5 39. dxc5 Rb3+ 40. Kg4
Rb4+ 41. Kg3 Rb3+ 42. Kg4 Rb4+ 43. Kg3 Rb3+ 1/2-1/2

[Event "MrDodgy Inv 3 GpB"]
[Site "chess24.com INT"]
[Date "2022.11.26"]
[Round "9.6"]
[White "Grachev, Boris"]
[Black "Royal, Shreyas"]
[Result "1-0"]
[WhiteTitle "GM"]
[BlackTitle "FM"]
[WhiteElo "2593"]
[BlackElo "2435"]
[WhiteFideId "4129199"]
[BlackFideId "448869"]
[EventDate "2022.11.26"]

1. d4 Nf6 2. Nf3 d5 3. Bf4 e6 4. e3 Bd6 5. Nbd2 c5 6. c3 Bxf4 7. exf4 Qc7 8. g3
b6 9. Bb5+ Nbd7 10. O-O O-O 11. Re1 a6 12. Bd3 b5 13. Qe2 Bb7 14. a3 Qb6 15. h4
Rac8 16. Rad1 cxd4 17. cxd4 Rc7 18. f5 Re8 19. fxe6 Rxe6 20. Qf1 Rc8 21. Bf5
Rxe1 22. Rxe1 Qd6 23. Ne5 g6 24. Bxd7 Nxd7 25. Nxd7 Qxd7 26. Nb3 Rc4 27. Nc5 Bc8
28. Nxd7 1-0

[Event "MrDodgy Inv 3 GpB"]
[Site "chess24.com INT"]
[Date "2022.11.26"]
[Round "9.7"]
[White "Paravyan, David"]
[Black "Tang, Andrew"]
[Result "1-0"]
[WhiteTitle "GM"]
[BlackTitle "GM"]
[WhiteElo "2586"]
[BlackElo "2539"]
[WhiteFideId "4194985"]
[BlackFideId "2059630"]
[EventDate "2022.11.26"]

1. e4 e5 2. Nf3 Nc6 3. Nc3 Nf6 4. d4 exd4 5. Nxd4 Bb4 6. Nxc6 bxc6 7. Bd3 O-O 8.
O-O d5 9. exd5 cxd5 10. Bg5 c6 11. Qf3 h6 12. Bxf6 Qxf6 13. Qxf6 gxf6 14. Ne2
Bd6 15. Nd4 c5 16. Nf5 Bxf5 17. Bxf5 Be5 18. Rab1 Rab8 19. b3 Rfd8 20. Rbd1 Bc3
21. Rd3 d4 22. Rg3+ Kf8 23. Bd3 Rd5 24. Rh3 Kg7 25. Rh4 a5 26. a4 Re8 27. g3 Re7
28. Kg2 Rde5 29. f4 Re1 30. Rxe1 Rxe1 31. Rh5 Bb4 32. Rd5 Re7 33. Kf3 Rc7 34.
Kg4 Re7 35. Rd8 Rc7 36. Bc4 Re7 37. Kf5 Rc7 38. Rd6 Bc3 39. Bd3 Bb2 40. Ra6 Bc3
41. Bc4 Re7 42. Rc6 Bb4 43. Rxf6 Bc3 44. Rc6 Bb4 45. Kg4 Rd7 46. Kh5 f6 47. Kg4
Kg6 48. Bd3+ Kg7 49. Kf5 h5 50. Rxf6 Rd5+ 51. Ke4 Kxf6 52. Kxd5 Bd2 53. Kxc5 Bc3
54. Kc4 Bb2 55. Be2 Kg6 56. h3 Bc3 57. Kd3 h4 58. g4 Kf6 59. Ke4 Kg6 60. Bd3 1-0